[Event "11th Mumbai Mayors Cup 2018"]
[Site "Mumbai"]
[Date "2018.06.04"]
[Round "3"]
[White "Tran, Tuan Minh"]
[Black "Souradip Deb"]
[Result "1-0"]
[WhiteElo "2514"]
[BlackElo "1884"]
[Annotator "TA"]
[PlyCount "81"]
[EventDate "2018.??.??"]
[EventType "swiss"]
[EventCountry "IND"]
[SourceTitle "playchess.com"]
[Source "ChessBase"]
[SourceQuality "1"]

{[%evp 14,81,5,3,18,26,16,9,30,31,32,41,39,35,31,32,41,39,46,43,45,25,25,0,63,60,57,59,69,65,101,120,111,91,514,516,516,522,520,514,513,508,809,399,400,401,395,382,386,387,625,604,607,597,575,556,1472,1419,2516,3425,29978,29979,29979,29980,29980,29981,29979,29982,29981,29981]} 1. d4 Nf6 2. c4 e6 3. Nc3 Bb4 4. e3 O-O 5. Bd3 b6 6. Nge2 d5 7. cxd5 exd5 8. O-O {LiveBook: 36 Games. E48: Nimzo-Indian: Rubinstein: 5 Bd3 d5 including 6 Ne2, but excluding 6 a3} Ba6 9. Bxa6 Nxa6 10. Qa4 {The position is equal.} Bxc3 $146 ({Predecessor:} 10... Qc8 11. Bd2 c5 12. dxc5 Bxc3 13. Bxc3 Nxc5 14. Qh4 Nfe4 15. Rad1 Rd8 {½-½ (72) Anton Guijarro,D (2564)-Granda Zuniga,J (2679) Madrid 2013}) 11. bxc3 Qc8 12. c4 dxc4 13. Qxc4 c5 14. d5 b5 15. Qxb5 Nxd5 16. e4 Rb8 17. Qc4 Nb6 18. Qc3 Qe6 (18... Na4 $11 19. Qf3 Nb4) 19. Ng3 $14 f6 20. Bf4 Rbd8 21. Rad1 Rxd1 22. Rxd1 Qg4 23. Qc1 Rc8 $2 {[%mdl 8192]} (23... Qe6 $16) 24. Nf5 $18 Ra8 25. f3 Qh5 {[#]} 26. a4 $1 {[%cal Ba2a4,Ba4a5][%mdl 544]} Qf7 (26... Nxa4 27. Qc4+) 27. a5 Nd7 {[#]} (27... Nc7 $142 28. axb6 axb6) 28. Rxd7 (28. Bh6 $142 $1 {[%mdl 512]} Nc7 (28... gxh6 29. Nxh6+) 29. Bxg7) 28... Qxd7 29. Qc4+ Kh8 30. Qxa6 Rc8 31. h4 c4 $2 {[#]} (31... Rc6 32. Qc4 h5) 32. Bh6 $1 {[%mdl 512]} Rg8 {If Black can now play ...c3 this consolidates a bit.} (32... gxh6 33. Qxf6+) 33. Bxg7+ Rxg7 34. Qxf6 {[%mdl 4096] Endgame KQR-KQN} Qf7 35. Qd4 h5 36. Nxg7 {Ne6+ would kill now.} Qxg7 37. Qxg7+ {White mates.} Kxg7 38. Kf2 c3 39. Ke3 c2 40. Kd2 Kf6 41. f4 {Precision: White = 89%, Black = 30%.} 1-0

[Event "11th Mumbai Mayors Cup 2018"]
[Site "Mumbai"]
[Date "2018.06.04"]
[Round "3"]
[White "Karthik Venkataraman"]
[Black "Jain Kashish Manoj"]
[Result "1-0"]
[WhiteElo "2475"]
[BlackElo "1834"]
[Annotator "TA"]
[PlyCount "73"]
[EventDate "2018.??.??"]
[EventType "swiss"]
[EventCountry "IND"]
[SourceTitle "playchess.com"]
[Source "ChessBase"]
[SourceQuality "1"]

{[%evp 24,73,22,27,29,41,60,55,47,25,32,23,11,17,54,52,52,50,79,84,126,117,185,119,210,166,309,301,331,323,681,680,677,671,599,677,663,654,724,673,747,744,697,623,1091,1083,1051,1037,1148,1139,1168,1197]} 1. e4 e6 2. d4 d5 3. Nc3 Bb4 4. e5 c5 5. a3 Bxc3+ 6. bxc3 Ne7 7. Qg4 O-O 8. Bd3 f5 9. exf6 Rxf6 10. Bg5 Rf7 11. Qh5 g6 12. Qd1 Nbc6 13. Nf3 c4 {C18: French: 3 Nc3 Bb4: Main line: 7 h4 and 7 Qg4} 14. Be2 Qf8 15. Qd2 (15. O-O h6 16. Bc1 Bd7 17. a4 Qg7 18. Ba3 g5 19. Rb1 b6 20. a5 bxa5 21. Rb7 {1-0 (56) Bacrot,E (2715)-Lagarde,M (2607) Agen 2017}) 15... Nf5 {White is slightly better.} 16. g4 Nd6 17. Qe3 Bd7 $146 ({Predecessor:} 17... Ne4 18. Bh6 Qd6 19. O-O Bd7 20. Rfe1 b5 21. Bf1 Re8 22. Bg2 a6 {½-½ (22) Meister,G-Lukas,N Germany 1999}) 18. Bh6 Qe8 19. Ne5 $36 {[%mdl 2048] White has some pressure.} Nxe5 20. dxe5 Nc8 21. h4 {[%cal Bh2h4,Bh4h5,Bh5g6][%mdl 32]} Ne7 22. h5 Bc6 (22... gxh5 $16 23. Rxh5 Ba4) 23. Rh2 (23. hxg6 $18 Nxg6 24. Rh5) 23... Rd8 (23... Qd8 $16) 24. Bg5 Rd7 (24... gxh5 {might work better.} 25. Bf6 (25. Rxh5 Qf8 $16) (25. gxh5 d4 $11) 25... Qf8) 25. Bf6 $18 (25. Qxa7 b6 $16) 25... Qf8 26. Qg5 ({Weaker is} 26. Qxa7 Rd8 $18) 26... h6 $2 {[#]} (26... Rg7 27. f4 (27. Bxg7 Kxg7 28. Qh4 Qf4 $18) 27... Nc8 28. Bxg7 Rxg7) 27. hxg6 {White is clearly winning.} Rxf6 28. Qxf6 Qxf6 29. exf6 Nxg6 30. Rxh6 Nf4 31. Kd2 d4 {and the idea ...dxc3+ leaves Black hopeful.} 32. Bxc4 b5 33. Bd3 e5 {[#]} 34. f7+ $1 Rxf7 35. Rxc6 dxc3+ 36. Kxc3 Nd5+ 37. Kb3 {Precision: White = 96%, Black = 28%.} 1-0

[Event "11th Mumbai Mayors Cup 2018"]
[Site "Mumbai"]
[Date "2018.06.04"]
[Round "3"]
[White "Visakh N R"]
[Black "Dhruv Easwar"]
[Result "1-0"]
[WhiteElo "2467"]
[BlackElo "1953"]
[Annotator "TA"]
[PlyCount "51"]
[EventDate "2018.??.??"]
[EventType "swiss"]
[EventCountry "IND"]
[SourceTitle "playchess.com"]
[Source "ChessBase"]
[SourceQuality "1"]

{[%evp 18,51,0,-9,3,-10,25,22,24,-15,21,0,102,127,216,228,236,241,286,242,242,242,281,284,331,331,319,314,325,328,457,447,1205,1220,1191,1192]} 1. d4 Nf6 2. Bg5 d5 3. e3 e6 4. Nd2 Nbd7 5. Ngf3 Be7 6. Bd3 O-O 7. O-O b6 8. c3 Bb7 9. Qb1 h6 {D03: 1 d4 d5 2 Nf3 Nf6 3 Bg5, including Torre Attack with early ...d5} 10. Bh4 {LiveBook: 9 Games} Qc8 $146 ({Predecessor:} 10... a5 11. a4 c5 12. Rd1 Ne8 13. Bg3 Bd6 14. Ne5 Qc7 15. Ndf3 Nef6 16. Bb5 Rfd8 17. Nxd7 Nxd7 {½-½ (59) De Guzman,R (2386)-Wang,C (2473) Las Vegas 2014}) 11. Ne5 Re8 {The position is equal.} 12. f4 c5 13. Ndf3 Qc7 14. f5 {Strongly threatening Nxf7.} (14. Bb5 {looks sharper.} a6 15. Bxd7 Nxd7 16. Nxd7 Qxd7 17. Ne5) 14... Ne4 (14... Bd6 $11 {remains equal.}) 15. fxe6 $16 fxe6 (15... Nxe5 $16 16. Nxe5 f6 17. Bxe4 dxe4) 16. Bxe7 $18 Nxe5 17. Nxe5 Rxe7 18. Qe1 Ree8 19. Rf7 Re7 20. Rf4 Ree8 21. Bxe4 dxe4 22. Qg3 Rf8 23. Raf1 Rxf4 24. Rxf4 {White is clearly winning.} ({Less strong is} 24. Qxf4 cxd4 25. exd4 (25. cxd4 Ba6 $16) 25... Qe7 $18) 24... Rc8 (24... Bd5 $142 25. Rf7 Qxf7) 25. Qg6 cxd4 26. exd4 {Precision: White = 61%, Black = 24%.} 1-0

[Event "11th Mumbai Mayors Cup 2018"]
[Site "Mumbai"]
[Date "2018.06.04"]
[Round "3"]
[White "Chittal, Sairaj"]
[Black "Rozum, Ivan"]
[Result "0-1"]
[WhiteElo "1990"]
[BlackElo "2581"]
[Annotator "TA"]
[PlyCount "148"]
[EventDate "2018.??.??"]
[EventType "swiss"]
[EventCountry "IND"]
[SourceTitle "playchess.com"]
[Source "ChessBase"]
[SourceQuality "1"]

{[%evp 16,148,34,16,49,23,60,47,52,16,12,13,28,-11,-12,-11,-6,-25,-21,-28,-18,-107,-107,-94,-112,-93,-99,-107,-102,-103,-108,-121,0,0,0,0,0,0,0,0,0,-10,-10,-10,-12,-8,-10,-15,-10,-45,-45,-45,-45,-51,-51,-51,-49,-49,-49,-52,-51,-54,0,-56,-56,-56,-56,-56,-56,-56,-56,-56,-31,-31,-31,-31,-31,-31,-31,-33,-33,-33,-33,-56,-56,-56,-56,-56,-56,-56,-56,-56,0,-56,0,-15,0,0,0,-56,-56,-56,0,-56,0,-56,-56,-56,0,0,0,0,0,0,0,0,0,0,0,-57,-58,-347,-300,-381,-308,-301,-227,-4738,-1716,-4775,-4656,-4634,-4627,-4562,-1188]} 1. d4 g6 2. Nf3 Bg7 3. c3 Nf6 4. Bg5 d6 5. Nbd2 h6 6. Bh4 g5 7. Bg3 Nh5 8. e4 e6 9. Be2 {LiveBook: 3 Games. A48: 1 d4 Nf6 2 Nf3 g6: Torre, London and Colle Systems} (9. Nc4 f5 10. Nfd2 Nxg3 11. hxg3 O-O 12. Ne3 d5 13. exf5 exf5 14. Nxd5 Re8+ 15. Ne3 f4 16. Bc4+ Be6 17. Bxe6+ Rxe6 {½-½ (44) Naiditsch,A (2701)-Vachier Lagrave,M (2789) Karlsruhe/Baden-Baden 2018}) 9... Qe7 10. Qc2 Nc6 $146 ({Predecessor:} 10... Nd7 11. Nc4 b6 12. a4 a6 13. O-O Bb7 14. Nfd2 Nxg3 15. fxg3 d5 16. exd5 Bxd5 {1-0 (48) Kuhn,T (2218)-Kolbus,D (2343) Biel 2010}) 11. O-O-O {White is slightly better.} Bd7 12. Rhe1 Nxg3 13. hxg3 g4 14. Nh2 h5 15. f3 gxf3 16. gxf3 h4 17. gxh4 Rxh4 18. Rg1 (18. Ng4 $11) 18... Rxh2 $17 19. Rxg7 Qf8 20. Rdg1 {And now Rg8 would win.} Rxe2 21. Qd1 {[#]} Rxd2 $1 22. Qxd2 (22. Kxd2 Ne7) 22... O-O-O 23. Qh2 f5 (23... Qe7 $17 24. Qh6 Rf8) 24. Qh7 $1 $11 {aiming for Rg8.} fxe4 25. Rf7 $36 {[%mdl 2048] Black is under pressure.} Qe8 26. fxe4 e5 27. d5 Nb8 $1 28. Rgg7 Qh8 29. Rxd7 $1 Nxd7 {[#]} 30. Rxd7 $1 {[%mdl 512]} Qxh7 (30... Rxd7 31. Qxh8+) 31. Rxh7 {[%mdl 4096] Endgame KR-KR} b5 32. Kc2 Rf8 33. Rh2 Kb7 34. Re2 a5 35. b4 Kb6 36. bxa5+ Kxa5 37. Kb3 Rf3 38. a3 Kb6 (38... Rg3 $15) 39. Re1 (39. Kb4 $11) 39... Kc5 $15 40. Re2 Rf1 41. Re3 Rf8 42. Rd3 Ra8 43. Re3 Ra4 44. Re2 Kb6 45. Re1 Kb7 46. Re2 Ka7 47. Ka2 Kb6 48. Kb3 Kc5 49. Re3 Ra8 50. Re2 Rg8 51. Re3 Rg1 52. Re2 Kb6 53. Re3 Kb7 ({Better is} 53... Rb1+ $15 54. Kc2 Rh1) 54. Re2 ({White should play} 54. c4 $11) 54... Rf1 (54... Rc1 $15) 55. Re3 Rf2 56. Re1 Kb6 57. Re3 (57. a4 $1 $11) 57... Kc5 58. Re1 Rf3 59. Re2 $1 Rf1 60. Re3 $1 Rf4 61. Re2 c6 (61... Rf3 $15) 62. dxc6 $11 Kxc6 63. a4 bxa4+ 64. Kxa4 d5 {[%cal Bd6d5,Bd5e4,Be4e3][%mdl 32]} 65. Kb3 dxe4 66. Kc4 Kd6 67. Kb5 ({White should try} 67. Kb3 $11) 67... Kd5 $15 {White must now prevent ...Rf3.} 68. Rd2+ $2 (68. c4+ $15 Kd4 69. Rd2+ Kc3 70. Rd5) 68... Ke6 $19 69. c4 e3 70. Re2 Re4 71. c5 $2 (71. Kb4 Kf5 72. Kc3) 71... Kd5 {Black is clearly winning.} 72. c6 {[#]} Rc4 $1 {[%cal Rc4c5]} 73. Rxe3 Rc5+ 74. Kb4 Rxc6 {Precision: White = 47%, Black = 68%.} 0-1

[Event "11th Mumbai Mayors Cup 2018"]
[Site "Mumbai"]
[Date "2018.06.04"]
[Round "3"]
[White "Anisuzzaman, Jewel"]
[Black "Tukhaev, Adam"]
[Result "0-1"]
[WhiteElo "1949"]
[BlackElo "2557"]
[Annotator "TA"]
[PlyCount "60"]
[EventDate "2018.??.??"]
[EventType "swiss"]
[EventCountry "IND"]
[SourceTitle "playchess.com"]
[Source "ChessBase"]
[SourceQuality "1"]

{[%evp 9,60,-24,0,0,0,0,0,-39,-31,-28,-35,-39,-32,-58,-25,-33,-24,-35,-6,-11,-5,-31,-31,-31,-34,-39,-40,-83,-71,-242,-218,-231,-221,-231,-228,-216,-176,-223,-214,-344,-325,-465,-454,-893,-556,-907,-920,-1270,-1223,-1293,-1306,-1273,-1266]} 1. g3 e5 2. Bg2 d5 3. c4 d4 4. d3 Nc6 5. Nf3 Bf5 {LiveBook: 3 Games} (5... Bb4+ 6. Bd2 a5 7. O-O Nf6 8. Na3 O-O 9. Nb5 h6 10. e3 dxe3 11. Bxe3 Ng4 12. Bd2 Bf5 13. Bxb4 Nxb4 14. Nh4 Bc8 {½-½ (47) Mareco,S (2632)-Alekseenko,K (2609) Moscow 2018}) 6. O-O $1 {A09: Réti Opening: 1 Nf3 d5 2 c4} Qd7 7. Re1 f6 $146 ({Predecessor:} 7... Nf6 8. Na3 Bb4 9. Bd2 a5 10. Nc2 O-O 11. a3 Bxd2 12. Qxd2 {1-0 (41) Bricard,E (2430)-Van Riemsdijk,H (2440) Manila 1992}) 8. Na3 {The position is equal.} Bb4 9. Bd2 Bxa3 10. bxa3 Nge7 11. Rb1 Rb8 12. a4 O-O 13. a5 b6 14. Qc2 Rfd8 15. Rb3 bxa5 16. Reb1 Rb6 17. Rb5 Rdb8 18. a4 a6 19. c5 $2 {[#]} (19. Rxb6 $17 cxb6 20. Nh4) 19... axb5 $19 20. cxb6 b4 ({Weaker is} 20... Rxb6 21. Rxb5 Nb4 22. Bxb4 $15) 21. bxc7 Rc8 ({Don't take} 21... Qxc7 22. Qc4+ Kf8 23. Nh4 $17) 22. Qc5 Rxc7 23. Rc1 Rc8 24. Qb5 (24. Ne1 $142) 24... Be6 25. Rc5 (25. Ne1 {keeps fighting.}) 25... Qd6 {[#] Hoping for ...Rb8.Black is clearly winning.} 26. Rc2 (26. Nxe5 $142 fxe5 27. Bxc6) 26... Rb8 27. Qa6 b3 {[%cal Bb4b3,Bb3b2][%mdl 32]} 28. Rb2 Qa3 {aiming for ...Qa1+.} 29. Rb1 Qa2 30. Rf1 b2 {Precision: White = 26%, Black = 72%.} 0-1

[Event "11th Mumbai Mayors Cup 2018"]
[Site "Mumbai"]
[Date "2018.06.04"]
[Round "3"]
[White "Meenal Gupta"]
[Black "Sandipan, Chanda"]
[Result "0-1"]
[WhiteElo "1933"]
[BlackElo "2571"]
[Annotator "TA"]
[PlyCount "82"]
[EventDate "2018.??.??"]
[EventType "swiss"]
[EventCountry "IND"]
[SourceTitle "playchess.com"]
[Source "ChessBase"]
[SourceQuality "1"]

{[%evp 14,82,25,29,24,37,35,2,0,0,0,-11,6,-68,-54,-74,-83,-134,-143,-339,-344,-428,-408,-421,-403,-422,-415,-426,-442,-428,-427,-454,-504,-507,-502,-500,-473,-475,-474,-462,-449,-449,-265,-252,-260,-463,-451,-506,-395,-383,-360,-487,-440,-422,-387,-453,-453,-451,-406,-539,-518,-680,-659,-703,-697,-12839,-12839,-12841,-12841,-12843,-12843]} 1. e4 c5 2. Nf3 d6 3. d4 cxd4 4. Nxd4 Nf6 5. Nc3 a6 6. Be3 e6 7. f3 b5 {[%cal Bb7b5,Bb5b4][%mdl 32]} 8. Qd2 b4 {B80: Sicilian Scheveningen: 6 g3 and 6 Be3, including English Attack} 9. Na4 Nbd7 10. g4 (10. O-O-O Qa5 11. b3 Bb7 12. a3 Qc7 13. axb4 d5 14. Bf2 Bd6 15. exd5 Nxd5 16. Bg3 {1-0 (36) Nakamura,H (2781)-Grandelius,N (2647) Caleta 2018}) 10... h6 $1 {The position is equal.} 11. h4 d5 12. exd5 Nxd5 13. O-O-O (13. Bc4 $1 $11) 13... Qc7 $1 $15 ({But not} 13... Nxe3 $6 14. Qxe3 Qc7 15. Kb1 $11) 14. Kb1 $146 ({Predecessor:} 14. Bd3 Ne5 15. Nb3 Bd7 16. Nac5 Bb5 17. Kb1 Nxd3 18. cxd3 {0-1 (31) Studer,N (2404)-Vorobiov,E (2574) Zuerich 2015}) 14... Bb7 15. Bg1 (15. Bd3 $142) 15... Qa5 $17 16. b3 $2 {[#]} (16. c4 $17 {was the only chance.} bxc3 17. Nxc3) 16... Nc5 $19 17. Bc4 Nxa4 18. bxa4 Nc3+ 19. Ka1 Bd5 ({Don't take} 19... Nxd1 20. Qxd1 Be7 21. Kb1 $19) 20. Bb3 Nxd1 21. Qxd1 Be7 22. Rh2 Rd8 23. Rd2 Bxh4 24. Be3 Bf6 25. Kb1 O-O 26. f4 Bxb3 27. axb3 e5 (27... Rd6 $142 {...Rfd8 is the strong threat.} 28. g5 hxg5 29. fxg5 Bxg5) 28. Nc6 Rxd2 29. Bxd2 $2 (29. Qxd2 Qc7 30. Nxb4) 29... Qc5 30. Nxe5 Bxe5 31. fxe5 {[%mdl 4096] Endgame KQR-KQB} Rd8 32. Qe1 a5 33. e6 Qe7 34. exf7+ Qxf7 35. Bc1 Qe8 36. Qf1 Qe4 {Black is clearly winning.} 37. g5 h5 {[%cal Bh6h5,Bh5h4,Bh4h3][%mdl 32]} 38. Qg1 h4 39. Qb6 Rc8 40. Qf2 h3 41. Kb2 {[#]} Rxc2+ $1 {[%mdl 512] Precision: White = 26%, Black = 92%.} 0-1

[Event "11th Mumbai Mayors Cup 2018"]
[Site "Mumbai"]
[Date "2018.06.04"]
[Round "3"]
[White "Nair, Sanjeev"]
[Black "Erigaisi Arjun"]
[Result "0-1"]
[WhiteElo "1915"]
[BlackElo "2505"]
[Annotator "TA"]
[PlyCount "98"]
[EventDate "2018.??.??"]
[EventType "swiss"]
[EventCountry "IND"]
[SourceTitle "playchess.com"]
[Source "ChessBase"]
[SourceQuality "1"]

{[%evp 13,98,27,36,-23,6,-22,0,-10,31,1,6,-2,34,0,-7,-15,-10,-10,-9,-22,-5,-44,-35,-85,-64,-61,-81,-103,-108,-124,-104,-133,-89,-97,-87,-126,-111,-107,-107,-116,-54,-108,-98,-115,-54,-104,-102,-111,-66,-116,-132,-150,-144,-218,-225,-215,-198,-209,-212,-208,-106,-177,-160,-225,-209,-220,-228,-368,-322,-349,-338,-414,-392,-544,-566,-1136,-1136,-5550,-5506,-2709,-2397,-2761,-830,-853,-903,-1909,-996]} 1. e4 c5 2. Nf3 e6 3. d4 cxd4 4. Nxd4 a6 5. Nc3 Qc7 6. g3 Bb4 7. Bd2 Nc6 {LiveBook: 67 Games. B43: Sicilian: Kan Variation: 5 Nc3} (7... Nf6 8. Bg2 Nc6 9. Nb3 Be7 10. O-O d6 11. f4 O-O 12. Be3 b5 13. a3 Bb7 14. g4 Rfe8 15. g5 Nd7 16. Qh5 g6 17. Qh4 b4 18. Ne2 bxa3 19. bxa3 Na5 20. Nxa5 Qxa5 21. Rf3 Rac8 {0-1 (55) Guseinov,G (2634)-Gajewski,G (2654) Berlin 2015}) 8. Nde2 ({White should play} 8. Nxc6 $14 dxc6 9. a3) 8... Bc5 $146 (8... Nf6 {seems wilder.} 9. a3 Bc5 10. Nc1 h6 11. Nb3 Bb6) ({Predecessor:} 8... Nf6 9. Bg2 d6 10. O-O h6 11. Nf4 Bc5 12. Nd3 Ba7 13. Ne2 e5 14. h3 Be6 15. Nc3 {1-0 (45) Contreras,H (2203)-Vittorino,C (2327) Santa Rosa 2011}) 9. Bg2 b5 {The position is equal.} 10. O-O Bb7 11. Nf4 d6 12. Qg4 g6 13. Rae1 Ne5 14. Qe2 Nc4 15. Bc1 Bd4 16. Qd3 Bg7 17. Nfe2 Nf6 18. h3 Rc8 19. f4 Nd7 20. b4 O-O 21. Kh2 Qb6 22. Nd1 a5 23. a3 Rc7 24. Be3 Nxe3 25. Nxe3 axb4 26. axb4 h5 (26... Rfc8 $17 27. Rd1 h5) 27. Rd1 (27. Rb1 $15) 27... Rfc8 $17 28. Rfe1 Bf8 (28... Nf6 $17 29. Nd4 Ne8) 29. Qd4 e5 30. Qd3 Bh6 31. Rf1 Nf6 32. c3 {[#]} h4 $1 {[%cal Bh5h4,Bh4g3][%mdl 544]} 33. fxe5 (33. gxh4 $17 exf4 34. Nd5 Bxd5 35. exd5) 33... hxg3+ $19 (33... Qxe3 34. Qxe3 Bxe3 35. exf6 $11) (33... dxe5 34. Nd5 $17) 34. Kh1 dxe5 ({Worse is} 34... Bxe3 35. Rxf6 Bg5 36. Rxd6 $16) ({And not} 34... Qxe3 35. exf6 Ra8 36. Qxe3 $11) 35. Nd5 Nxd5 36. exd5 Bf4 (36... Rd7 $19 {Threatens to win with ...Rcd8.} 37. Qxg3 Bg7) 37. Nxf4 (37. d6 $17 {was called for.} Rc4 38. Bxb7 Qxb7+ 39. Qf3) 37... Rxc3 ({Don't play} 37... exf4 38. Rxf4 Rxc3 39. Qd4) 38. Qe2 (38. Qd2 $17 Rc2 39. Qe1 exf4 40. Rxf4) 38... exf4 39. Rxf4 Qd6 40. Qf1 (40. Rff1 {is a better defense.}) 40... f5 {[%cal Bf7f5,Bf5f4][%mdl 32]} 41. Rfd4 R3c4 42. R4d3 Re8 43. Qf3 f4 {Black is clearly winning.} 44. Qf1 Rc2 {And now ...Rf2 would win.} 45. R3d2 Rxd2 46. Rxd2 Qxb4 47. Rd1 Qc4 (47... Re3 $142 48. Kg1 Qc5) 48. Qxc4 bxc4 {[%cal Bb5c4,Bc4c3][%mdl 32]} 49. Rb1 c3 {Precision: White = 21%, Black = 53%.} 0-1

[Event "11th Mumbai Mayors Cup 2018"]
[Site "Mumbai"]
[Date "2018.06.04"]
[Round "3"]
[White "Inamdar, Sameer"]
[Black "Harsha Bharathakoti"]
[Result "0-1"]
[WhiteElo "1882"]
[BlackElo "2471"]
[Annotator "TA"]
[PlyCount "40"]
[EventDate "2018.??.??"]
[EventType "swiss"]
[EventCountry "IND"]
[SourceTitle "playchess.com"]
[Source "ChessBase"]
[SourceQuality "1"]

{[%evp 17,40,11,28,-3,-3,2,9,-29,-33,-28,-15,-25,-17,-60,-39,-98,-98,-106,-86,-107,-111,-118,-117,-29995,-29996]} 1. e4 e5 2. Nf3 Nc6 3. Bb5 a6 4. Ba4 Nf6 5. O-O Be7 6. d4 exd4 7. e5 Ne4 8. Nxd4 Nxd4 9. Qxd4 Nc5 {LiveBook: 152 Games} 10. c3 {C84: Closed Ruy Lopez: Unusual White 6th moves} (10. Nc3 O-O 11. Nd5 Re8 12. Nxe7+ Qxe7 13. Bd2 b5 14. Bb3 Bb7 15. Rfe1 Ne4 16. c3 c5 17. Qe3 d6 18. exd6 Qxd6 19. Rad1 {1-0 (47) Pancevski,F (2503)-Amin,B (2661) Baku 2016}) 10... Nxa4 11. Qxa4 O-O 12. Be3 {The position is equal.} d6 $146 ({Predecessor:} 12... d5 13. Nd2 c5 14. Rad1 Bf5 15. Nf3 Be4 16. Qxe4 dxe4 17. Rxd8 Raxd8 {0-1 (31) Faessler,P (1985)-Kobler,P (2065) Wil 1997}) 13. exd6 Bxd6 14. Nd2 b5 15. Qc2 Bb7 16. Rad1 (16. Rfe1 $15) 16... Qh4 $17 {[%csl Gd6][%cal Rh4h2]} 17. h3 Rae8 $40 {[%cal Ba8e8,Be8e3,Be3g3][%mdl 160] ...Bxg2! is the strong threat. Black wants a kill.} 18. Qf5 {[#]} Bxg2 $1 {[%mdl 512]} 19. Kxg2 {aiming for Nf3.} Rxe3 $1 20. Rde1 $2 {[%mdl 8192] [#]} (20. Qg4 $17 Qxg4+ 21. hxg4) 20... Rg3+ $1 {[%mdl 512] Precision: White =  9%, Black = 87%.} 0-1

[Event "11th Mumbai Mayors Cup 2018"]
[Site "Mumbai"]
[Date "2018.06.04"]
[Round "3"]
[White "Yash Dhoke"]
[Black "Neverov, Valeriy"]
[Result "0-1"]
[WhiteElo "1850"]
[BlackElo "2492"]
[Annotator "TA"]
[PlyCount "58"]
[EventDate "2018.??.??"]
[EventType "swiss"]
[EventCountry "IND"]
[SourceTitle "playchess.com"]
[Source "ChessBase"]
[SourceQuality "1"]

{[%evp 9,58,-22,-18,-29,-24,-35,-4,-22,-22,-16,-5,-22,8,7,0,-95,24,-120,-135,-125,-114,-116,-111,-108,-118,-125,-94,-123,-113,-196,-180,-200,-158,-175,-173,-183,-175,-213,-214,-250,-242,-296,-254,-273,-221,-343,-356,-615,-567,-702,-642]} 1. Nf3 d6 2. b3 e5 3. d3 (3. Bb2 f5 4. c4 Nf6 5. e3 g6 6. Be2 Bg7 7. O-O O-O 8. Nc3 Nc6 9. d4 e4 10. Ne1 Ne7 {0-1 (21) So,W (2815)-Carlsen,M (2832) chess.com INT 2017}) 3... f5 4. Nbd2 Nf6 5. Bb2 Be7 6. e4 {A04: Holländisches System ohne Übergang in andere Systeme} O-O 7. g3 c5 $146 ({Vorgänger:} 7... fxe4 8. dxe4 Bg4 9. Bg2 Qc8 10. h3 Bd7 {1-0 (48) Koetting,H (1913)-Hater,W (2052) Germany 2013}) 8. Bg2 {Die Stellung ist ausgeglichen.} Nc6 9. O-O f4 10. c3 Bg4 11. h3 Bh5 12. d4 (12. g4 $11 {bleibt in der Remisbreite.} Bf7 13. Ng5) 12... Nd7 ({Besser ist} 12... cxd4 $17 13. cxd4 fxg3 14. fxg3 Nxd4 15. Bxd4 exd4) 13. b4 (13. d5 $11 Ncb8 14. a4) 13... fxg3 14. fxg3 exd4 15. cxd4 Nxd4 ({Viel schwächer wäre} 15... cxb4 $6 16. Qb3+ Bf7 17. d5 $15) 16. Bxd4 cxd4 17. g4 Bg6 18. Nxd4 {[#]} Rxf1+ $1 19. Bxf1 {[#]} (19. Qxf1 $17 Qb6 20. N2b3) 19... Bf6 $1 $19 {[%cal Rf6d4]} 20. Qb3+ Kh8 21. Qe3 Qb6 22. N2b3 Re8 23. Bg2 Qxb4 24. Rc1 Nc5 25. Nc2 Qb6 26. Nxc5 Qxc5 27. Kh1 (27. Qxc5 $142 dxc5 28. Rd1) 27... Rc8 28. Qb3 $2 (28. Qxc5 Rxc5 29. g5) 28... b5 29. Bf3 Bg5 {Precision: Weiß = 32%, Schwarz = 69%.} 0-1